| 000 | 00841nam a22001817a 4500 | ||
|---|---|---|---|
| 003 | OSt | ||
| 005 | 20180615091622.0 | ||
| 008 | 180220b xxu||||| |||| 00| 0 spa d | ||
| 100 |
_91075 _aMyint, H. L. |
||
| 245 | 1 | 0 |
_aTeorías de la economía del bienestar / _cH. L. Myint; traducción de Enrique Fuentes Quintana. |
| 260 |
_aMadrid : _bInstituto de Estudios Políticos, _c1962. |
||
| 300 |
_a413 p. _c23 cm. |
||
| 504 | _aBibliografía: p 399-402 | ||
| 505 | _aContenido: Introducción -- El análisis del bienestar económico desde una perspectiva física -- El análisis del bienestar económico desde una perspectiva subjetiva -- El análisis del bienestar económico desde una perspectiva ética . | ||
| 650 | 0 |
_aECONOMIA Y FINANZAS _9292 |
|
| 700 |
_9527 _aFuentes Quintana, Enrique _etraductor |
||
| 942 |
_2udc _cLIB _h330.8 _iMYI |
||
| 999 |
_c757 _d757 |
||